000 00654nam a2200217Ia 4500
005 20241129110958.0
008 241129s9999||||xx |||||||||||||| ||und||
020 _a978-93-5553-290-9
037 _aTB
040 _aCRL
_beng
_cCRL
041 _aeng
_2eng
084 _aV2:72 R2
_qCRL
100 _aSingh Snigdha Au.
_9555707
245 0 _aInscribing identities proclaiming piety: exploring recording practices in early historic India
_cSingh Snigdha Au.
260 _aDelhi, India
_bPrimus Books
_c2022
300 _axxiv,478p.
365 _aINR
_b1495
650 _aIndian History
942 _cTB
_hV2:72 R2
999 _c1228374
_d1228374